00551nam a2200193Ii 450000100060000000300090000600800410001502000150005604000330007104100080010408200170011211000290012924500570015826400490021530000120026433600260027633700280030233800270033011014CO-ViMGA241108s9999||||xx |||||||||||||| ||und|| a9589028748 aCO-ViMGAbspaerdacCO-ViMGA0 aspa04a336.986 B2131 aBanco de la República,10aFinanzas públicas regionales de Colombia 1980-1987 1aBogotá, Colombia : Banco de Colombia, 1990 avolumen atextbtxt2rdacontent aunmediatedbn2rdamedia avolumebnc2rdacarrier